| 000 | 01933cam a2200313 4500 | ||
|---|---|---|---|
| 001 | ABS67825 | ||
| 008 | 040510n2004 000 0 eng u | ||
| 035 | _a(Sirsi) u126160 | ||
| 100 | _aDonati, M. | ||
| 245 | 2 | _aA blueprint for the future of Scotland | |
| 260 | _c2004 | ||
| 490 |
_aPlanning (for the Natural and Built Environment) _v(1567) 30 April 2004, 16-17(2) |
||
| 520 | _aReviews "National planning framework for Scotland" (ISBN 0755941950) and accompanying consultation document "Making development plans deliver". The framework document contains comprehensive analyses of the underlying trends in Scotland's development, outlining a vision for spatial development across the country. It identifies economic development zones in the Clyde corridor, Lanarkshire, Central Ayrshire, West Edinburgh, Central Scotland, Midlothian, Dundee, Aberdeen and Inverness. Looks at new development formats based on city region and local development plans. Lists the city region plan constituent authorities. The reports may be viewed at www.scotland.gov.uk. | ||
| 590 | _aABS | ||
| 590 | _aABS | ||
| 650 | _aSCOTLAND | ||
| 650 | _aSPATIAL DEVELOPMENT | ||
| 650 | _aNATIONAL PLANNING GUIDELINES | ||
| 650 | _aEDINBURGH | ||
| 650 | _aGLASGOW | ||
| 650 | _aDUNDEE | ||
| 650 | _aABERDEEN | ||
| 690 | _aDEVELOPMENT-SUSTAINABLE | ||
| 856 |
_uhttps://www.scotland.gov.uk/library5/planning/npf04-00.asp _zView the national planning framework on the Scottish Executive website... |
||
| 856 |
_uhttps://www.scotland.gov.uk/consultations/planning/mdpdc-00.asp _zView the consultation on the Scottish Executive website... |
||
| 856 |
_uhttps://www.scotland.gov.uk/library5/planning/npf04-00.asp _zView the national planning framework on the Scottish Executive website... |
||
| 856 |
_uhttps://www.scotland.gov.uk/consultations/planning/mdpdc-00.asp _zView the consultation on the Scottish Executive website... |
||
| 942 | _n0 | ||
| 999 |
_c117332 _d117332 |
||